00539nam a2200169 i 450000100060000000300090000600500170001500700030003200800410003510000310007624500980010726000660020530000270027165000330029870000170033185200210034865472ES-MaACL20240125063133.0t|040114s1920 xxk |||| | eng d1 aFreud, Sigmund,d1856-193914aThe interpretation of dreams / cSigmund Freud ; translation with introduction by A.A. Brill. aLondon : bAllen & Unwin, c[1920] (eEdinburgh : fTurnbull) aXII, 510 p. ; c22 cm.04aSueños-xInterpretación.1 aBrill, A. A. aES-MaACLjF-1490